Amazonia posible y sostenible / (Registro nro. 18972)
[ vista simple ]
| 000 -CABECERA | |
|---|---|
| Campo de control | 01160nam a22003017a 4500 |
| 005 - FECHA Y HORA DE LA ULTIMA TRANSACCION | |
| Campo de control | 20160822125655.0 |
| 008 - ELEMENTOS DE LONGITUD FIJA—INFORMACION GENERAL | |
| Campo de control | 160822b2013 ck abdo|r|||| 00| 0 spa d |
| 020 ## - ISBN | |
| ISBN | 9789585754416 |
| 040 ## - FUENTE DE CATALOGACIÓN | |
| Agencia catalogadora original | CO-BoIAVH |
| Agencia transcriptora | CO-BoIAVH |
| 041 0# - IDIOMA | |
| Código de idioma para texto/pista de sonido o título separado | Español |
| 044 ## - PAÍS DE PUBLICACIÓN | |
| País de publicación | Colombia |
| 082 04 - NUMERO DE CLASIFICACION DECIMAL DEWEY | |
| Número de clasificación | 333.715072 |
| Número del ítem | C39a |
| 110 2# - ASIENTO PRINCIPAL--NOMBRE CORPORATIVO | |
| Nombre corporativo o de jurisdicción como elemento de entrada | Comisión Económica para América Latina y el Caribe - Cepal - |
| 9 (RLIN) | 17484 |
| 245 10 - MENCION DE TITULO | |
| Título | Amazonia posible y sostenible / |
| Mención de responsabilidad | CEPAL y Patrimonio Natural |
| 260 ## - PUBLICACION, DISTRIBUCION, ETC. (PIE DE IMPRENTA) | |
| Lugar de publicación, distribución, etc. | Bogotá, Colombia : |
| Nombre del editor, distribuidor, etc. | Cepal : |
| -- | Patrimonio Natural, |
| Fecha de publicación, distribución, etc. | 2013. |
| 300 ## - DESCRIPCION FISICA | |
| Extensión | 256 páginas : |
| Otros detalles físicos | ilustraciones, mapas, tablas, gráficas y fotografías ; |
| Dimensiones | 27 x 20 cm. |
| 500 ## - NOTA GENERAL | |
| Nota general | Incluye índices. |
| 504 ## - NOTA DE BIBLIOGRAFIA, ETC. | |
| Nota de bibliografía | Incluye referencias bibliográficas. |
| 650 26 - ASIENTO SECUNDARIO DE MATERIA - TERMINO TEMATICO | |
| Término temático o nombre geográfico como elemento de entrada | Desarrollo sostenible |
| Subdivisión geográfica | Amazonia |
| 9 (RLIN) | 74581 |
| 650 26 - ASIENTO SECUNDARIO DE MATERIA - TERMINO TEMATICO | |
| Término temático o nombre geográfico como elemento de entrada | Ordenación territorial |
| Subdivisión geográfica | Amazonia |
| 9 (RLIN) | 74582 |
| 650 26 - ASIENTO SECUNDARIO DE MATERIA - TERMINO TEMATICO | |
| Término temático o nombre geográfico como elemento de entrada | Protección ambiental |
| Subdivisión geográfica | Amazonia |
| 9 (RLIN) | 74583 |
| 650 26 - ASIENTO SECUNDARIO DE MATERIA - TERMINO TEMATICO | |
| Término temático o nombre geográfico como elemento de entrada | Política ambiental |
| Subdivisión geográfica | Amazonia |
| 9 (RLIN) | 74584 |
| 650 26 - ASIENTO SECUNDARIO DE MATERIA - TERMINO TEMATICO | |
| Término temático o nombre geográfico como elemento de entrada | Desarrollo económico |
| Subdivisión geográfica | Amazonia |
| 9 (RLIN) | 74585 |
| 650 26 - ASIENTO SECUNDARIO DE MATERIA - TERMINO TEMATICO | |
| Término temático o nombre geográfico como elemento de entrada | Comunidades locales |
| Subdivisión geográfica | Amazonia |
| 9 (RLIN) | 74586 |
| 700 1# - ASIENTO SECUNDARIO - NOMBRE PERSONAL | |
| Nombre personal | Giraldo, Marcela |
| Término de relación | editora |
| 9 (RLIN) | 4846 |
| 710 2# - ASIENTO SECUNDARIO - NOMBRE CORPORATIVO | |
| Nombre corporativo o de jurisdicción como elemento de entrada | Fondo Patrimonio Natural |
| 9 (RLIN) | 36936 |
| 942 ## - ELEMENTOS ADICIONALES (KOHA) | |
| Sistema de clasificación | Dewey Decimal Classification |
| Tipo de ítem | Libro |
| Withdrawn status | Lost status | Sistema de Clasificación | Damaged status | No para préstamo | Colección | Inventariado | Ubicación Permanente | Ubicación actual | Fecha de adquisición | Fuente de Valor | Valor | Total Checkouts | Número topográfico | Inventario / Código de Barras | Date last seen | Ejemplar | Price effective from | Forma de adquisición | Tipo de material |
|---|---|---|---|---|---|---|---|---|---|---|---|---|---|---|---|---|---|---|---|
| Dewey Decimal Classification | General | Inventariado 2017 | Bogotá | Bogotá | 22/08/2016 | Instituto | 39000.00 | LB-333.715072 C39a | 040616 | 22/08/2016 | Ej. 1 | 22/08/2016 | Donación | Libro |